Top Scorers/Most Capped Players for France - Statistics

General Stats
  • This quiz has been taken 127 times
  • The average score is 15 of 20
Answer Stats
Place Goals Place % Correct
1 51 Thierry Henry
99%
2 123 Thierry Henry
99%
6 31 Zinedine Zidane
90%
5 108 Zinedine Zidane
90%
2 44 Olivier Giroud
88%
6 107 Olivier Giroud
88%
4 35 Antoine Griezmann
86%
3 41 Michel Platini
82%
3 123 Hugo Lloris
80%
5 34 David Trezeguet
73%
10 27 Karim Benzema
73%
1 142 Lilian Thuram
72%
4 116 Marcel Desailly
67%
7 107 Patrick Vieira
64%
9 97 Laurent Blanc
61%
8 103 Didier Deschamps
58%
7 30 Just Fontaine
54%
8 30 Jean-Pierre Papin
49%
10 97 Bixente Lizarazu
46%
9 28 Youri Djorkaeff
34%
No matching quizzes found
Score Distribution
Percent of People with Each Score
Percentile by Number Answered
Your Score History
You have not taken this quiz